[Event "WC-2013-F-00003"]
[Site "LSS email"]
[Date "2013.07.24"]
[Round "?"]
[White "Markus, Roland"]
[Black "Neacsu, Catalin"]
[Result "1/2-1/2"]
[WhiteElo "2365"]
[BlackElo "2257"]
[PlyCount "106"]
[EventDate "2013.08.01"]
[EventType "tourn (corr)"]
[EventRounds "10"]
[EventCountry "GER"]
[SourceTitle "Corr 2022"]
[Source "ChessBase"]
[SourceDate "2021.10.24"]
[SourceVersion "1"]
[SourceVersionDate "2021.10.24"]
[SourceQuality "1"]

1. e4 c5 2. c3 Nf6 3. e5 Nd5 4. d4 cxd4 5. Nf3 Nc6 6. cxd4 d6 7. Bc4 Nb6 8. Bb5 dxe5 9. Nxe5 Bd7 10. Nxd7 Qxd7 11. Nc3 e6 12. 0-0 Be7 13. Qg4 0-0 14. Bxc6 bxc6 15. Bh6 Bf6 16. Rfd1 Rfd8 17. Ne4 Qe7 18. Rac1 Rac8 19. h3 Rd5 20. Be3 Qd8 21. Nxf6+ Qxf6 22. Rd2 Qe7 23. Rdc2 Qd7 24. a3 Rd6 25. b4 Rd8 26. Qg3 Nd5 27. Bh6 f6 28. Re1 Kf8 29. Bc1 Ne7 30. Bb2 Nf5 31. Qb3 Rxd4 32. Qxe6 Qxe6 33. Rxe6 Rd1+ 34. Kh2 Ne7 35. Bc1 Kf7 36. Re4 R8d7 37. g3 R1d3 38. Kg2 h5 39. Rec4 R7d5 40. h4 g6 41. Rf4 a6 42. Kf1 Rd6 43. Kg2 R6d5 44. Bb2 Rd6 45. Kf1 Rd1+ 46. Ke2 R1d5 47. Rfc4 Re6+ 48. Kf3 Rd3+ 49. Kg2 Rd5 50. Rd4 Red6 51. Rf4 Re6 52. Rd4 Red6 53. Rf4 Re6 1/2-1/2

[Event "WC-2013-F-00003"]
[Site "LSS email"]
[Date "2013.07.24"]
[Round "?"]
[White "Neacsu, Catalin"]
[Black "Markus, Roland"]
[Result "1/2-1/2"]
[WhiteElo "2257"]
[BlackElo "2365"]
[PlyCount "53"]
[EventDate "2013.08.01"]
[EventType "tourn (corr)"]
[EventRounds "10"]
[EventCountry "GER"]
[SourceTitle "Corr 2022"]
[Source "ChessBase"]
[SourceDate "2021.10.24"]
[SourceVersion "1"]
[SourceVersionDate "2021.10.24"]
[SourceQuality "1"]

1. e4 c6 2. d4 d5 3. Nc3 dxe4 4. Nxe4 Bf5 5. Ng3 Bg6 6. h4 h6 7. Nf3 Nd7 8. h5 Bh7 9. Bd3 Bxd3 10. Qxd3 e6 11. Bd2 Ngf6 12. 0-0-0 Be7 13. Kb1 0-0 14. Ne4 c5 15. Rhg1 cxd4 16. g4 Nxe4 17. Qxe4 Nc5 18. Qxd4 Qxd4 19. Nxd4 Ne4 20. Be3 Rfd8 21. c3 Bc5 22. f3 Ng5 23. Rgf1 Nh7 24. Nc2 Bxe3 25. Nxe3 Ng5 26. Kc2 Rxd1 27. Kxd1 1/2-1/2

[Event "WC-2013-F-00003"]
[Site "LSS email"]
[Date "2013.07.24"]
[Round "?"]
[White "Oliveira, Marcio B"]
[Black "Neacsu, Catalin"]
[Result "1-0"]
[WhiteElo "2315"]
[BlackElo "2257"]
[PlyCount "55"]
[EventDate "2013.08.01"]
[EventType "tourn (corr)"]
[EventRounds "10"]
[EventCountry "GER"]
[SourceTitle "Corr 2022"]
[Source "ChessBase"]
[SourceDate "2021.10.24"]
[SourceVersion "1"]
[SourceVersionDate "2021.10.24"]
[SourceQuality "1"]

1. d4 Nf6 2. c4 c6 3. Nf3 d5 4. Nc3 e6 5. Bg5 h6 6. Bh4 dxc4 7. e4 g5 8. Bg3 b5 9. Be2 Bb7 10. h4 g4 11. Ne5 h5 12. 0-0 Nbd7 13. Qc2 Nxe5 14. Bxe5 Bg7 15. b3 cxb3 16. axb3 0-0 17. Bg3 Ne8 18. e5 Qxd4 19. Rad1 Qc5 20. b4 Qxb4 21. Ne4 Bh6 22. Rd7 Bc8 23. Rd8 Bb7 24. Rxe8 Rfxe8 25. Nf6+ Kf8 26. Qh7 Bd2 27. Bxg4 hxg4 28. h5 1-0

[Event "LSS WC-2011-T-00002"]
[Site "LSS email"]
[Date "2010.06.15"]
[Round "?"]
[White "Myers, David Robert"]
[Black "Neacsu, Catalin"]
[Result "1-0"]
[WhiteElo "2374"]
[BlackElo "2232"]
[PlyCount "61"]
[EventDate "2010.06.15"]
[EventType "tourn (corr)"]
[EventRounds "10"]
[EventCountry "GER"]
[EventCategory "4"]
[SourceTitle "Myers"]
[Source "Myers"]
[SourceDate "2012.11.12"]
[SourceVersion "1"]
[SourceVersionDate "2012.11.12"]
[SourceQuality "1"]

1. d4 Nf6 2. c4 c5 3. d5 b5 4. cxb5 a6 5. bxa6 Bxa6 6. Nc3 d6 7. Nf3 g6 8. e4 Bxf1 9. Kxf1 Bg7 10. g3 0-0 11. Kg2 Nbd7 12. a4 Qb6 13. Qe2 Rfb8 14. Nb5 Ne8 15. Ra3 Nc7 16. Nxc7 Qxc7 17. b3 Rb7 18. Qc2 Nb8 19. h4 h5 20. Nd2 Na6 21. Nc4 Qd7 22. Qe2 Nb4 23. a5 Ra6 24. Ra4 Rb5 25. Rd1 Qb7 26. f3 Ra8 27. g4 hxg4 28. fxg4 Bd4 29. Rf1 Qb8 30. Rf3 Qc8 31. Rh3 1-0

[Event "LSS WC-2011-T-00002"]
[Site "LSS email"]
[Date "2010.06.10"]
[Round "?"]
[White "Neacsu, Catalin"]
[Black "Dutra Neto, Alfredo Carlos S"]
[Result "0-1"]
[WhiteElo "2228"]
[BlackElo "2457"]
[PlyCount "80"]
[EventDate "2010.06.15"]
[EventType "tourn (corr)"]
[EventRounds "10"]
[EventCountry "GER"]
[EventCategory "4"]
[SourceTitle "Telechess CBM 143"]
[Source "ChessBase"]
[SourceDate "2011.07.15"]
[SourceVersion "1"]
[SourceVersionDate "2011.07.15"]
[SourceQuality "1"]

1. e4 c5 2. Nf3 d6 3. d4 cxd4 4. Nxd4 Nf6 5. Nc3 a6 6. Bg5 e6 7. f4 Qb6 8. Nb3 Nbd7 9. Qf3 Be7 10. 0-0-0 Qc7 11. Bd3 b5 12. a3 Rb8 13. Rhe1 b4 14. axb4 Rxb4 15. Qh3 h6 16. Kb1 Qb8 17. Na2 Rb6 18. Ka1 a5 19. Nc3 e5 20. f5 a4 21. Na5 Rxb2 22. Nc6 Qb7 23. Nxe7 a3 24. Rb1 Kxe7 25. Nd5+ Ke8 26. Bxf6 Nxf6 27. Ba6 Qa7 28. Qxa3 Rxb1+ 29. Kxb1 Bxa6 30. Nxf6+ gxf6 31. Qxd6 Bc4 32. Qc6+ Kf8 33. Qxc4 Rg8 34. Qb4+ Kg7 35. Qc3 Kh7 36. g3 Ra8 37. h4 Qb6+ 38. Kc1 Qf2 39. Kd1 Rd8+ 40. Kc1 Rc8 0-1

[Event "LSS WC-2009-F-00003"]
[Site "LSS email"]
[Date "2009.11.03"]
[Round "?"]
[White "Baumgartner, Ulrich"]
[Black "Neacsu, Catalin"]
[Result "1-0"]
[WhiteElo "2244"]
[BlackElo "2233"]
[PlyCount "89"]
[EventDate "2009.11.08"]
[EventType "tourn (corr)"]
[EventRounds "10"]
[EventCountry "GER"]
[SourceTitle "Telechess CBM 141"]
[Source "ChessBase"]
[SourceDate "2011.03.17"]
[SourceVersion "1"]
[SourceVersionDate "2011.03.17"]
[SourceQuality "1"]

1. d4 Nf6 2. c4 c5 3. d5 b5 4. cxb5 a6 5. e3 g6 6. Nc3 Bg7 7. a4 0-0 8. Nf3 d6 9. e4 Bb7 10. Ra3 a5 11. Be2 Nbd7 12. Bf4 Nb6 13. 0-0 h6 14. Qc1 Kh7 15. h3 Qc7 16. Rd1 Rad8 17. Qd2 Qd7 18. Bd3 Nh5 19. Bh2 Nf6 20. Ne2 Ra8 21. Nf4 Kg8 22. Qc2 Qd8 23. b3 Nfd7 24. Ne2 Re8 25. Qd2 Nf6 26. Bf4 Kh7 27. Ng3 Nbd7 28. Raa1 Qb6 29. Rac1 Rad8 30. Qc2 Ra8 31. Nd2 Qd8 32. Ngf1 Nb6 33. Ne3 Nfd7 34. Ndc4 Nxc4 35. Nxc4 Nb6 36. Ne3 Kh8 37. Qd2 Kh7 38. Ng4 h5 39. Nh2 Kg8 40. Bh6 Bd4 41. Nf3 Bf6 42. Ng5 Nd7 43. Qf4 Rc8 44. Qg3 Nf8 45. f4 1-0

[Event "LSS WC-2009-F-00003"]
[Site "LSS email"]
[Date "2009.11.03"]
[Round "?"]
[White "Neacsu, Catalin"]
[Black "Krueger, Hilmar"]
[Result "1/2-1/2"]
[WhiteElo "2244"]
[BlackElo "2262"]
[PlyCount "56"]
[EventDate "2009.11.08"]
[EventType "tourn (corr)"]
[EventRounds "10"]
[EventCountry "GER"]
[SourceTitle "Telechess CBM 137"]
[Source "ChessBase"]
[SourceDate "2010.07.15"]
[SourceVersion "1"]
[SourceVersionDate "2010.07.15"]
[SourceQuality "1"]

1. e4 c5 2. Nf3 d6 3. d4 cxd4 4. Nxd4 Nf6 5. Nc3 a6 6. Be3 e5 7. Nf3 Be7 8. Bc4 0-0 9. 0-0 Nc6 10. Bb3 Be6 11. Bg5 Nd7 12. Bxe7 Qxe7 13. Nd5 Qd8 14. c3 Na5 15. Re1 Rc8 16. h3 h6 17. Ne3 Nxb3 18. axb3 Nc5 19. Nd5 f5 20. exf5 Bxf5 21. b4 Nd3 22. Re2 Qe8 23. Ne1 Qf7 24. Ra5 b5 25. Nf6+ Qxf6 26. Nxd3 Rc6 27. Nf4 Qf7 28. Qd5 Rfc8 1/2-1/2

[Event "LSS CP-2003-F-00001"]
[Site "LSS email"]
[Date "2007.07.01"]
[Round "?"]
[White "Neacsu, Catalin"]
[Black "Daus, Peter"]
[Result "1/2-1/2"]
[WhiteElo "2234"]
[BlackElo "2392"]
[PlyCount "145"]
[EventDate "2007.07.01"]
[EventType "tourn (corr)"]
[EventRounds "14"]
[EventCountry "GER"]
[SourceTitle "Corr 2015"]
[Source "ChessBase"]
[SourceDate "2015.07.17"]
[SourceVersion "1"]
[SourceVersionDate "2015.07.17"]
[SourceQuality "1"]

1. e4 e5 2. Nf3 d6 3. d4 exd4 4. Nxd4 Nf6 5. Nc3 Be7 6. Bf4 0-0 7. Qd2 c6 8. 0-0-0 b5 9. f3 b4 10. Nce2 c5 11. Nb3 Nc6 12. Bxd6 c4 13. Bxe7 Qxe7 14. Nbd4 c3 15. bxc3 bxc3 16. Qxc3 Nb4 17. Kd2 Rb8 18. Ke1 Bd7 19. Kf2 Rfc8 20. Qa3 Qc5 21. Rd2 Rb6 22. Ng3 h5 23. h4 Rd6 24. Qe3 Nxc2 25. Rxc2 Qxd4 26. Rxc8+ Bxc8 27. Be2 Qb2 28. Qc5 Rd8 29. a4 Ba6 30. Re1 Bxe2 31. Rxe2 Qd4+ 32. Qxd4 Rxd4 33. Ra2 g6 34. Ne2 Rb4 35. a5 Kg7 36. Ke3 Ne8 37. Nf4 Nd6 38. a6 Rb6 39. Nd5 Rc6 40. Kd3 Nb5 41. Ra4 Nd6 42. Nc3 Rb6 43. Ra5 Rc6 44. Nd5 Nc4 45. Rb5 Nd6 46. Rb6 axb6 47. a7 Rc8 48. Nxb6 Rd8 49. a8Q Rxa8 50. Nxa8 Kf6 51. f4 Ne8 52. Nb6 Ke6 53. Kd4 Kd6 54. f5 gxf5 55. exf5 Nc7 56. Nc8+ Kd7 57. Nb6+ Kd6 58. Nc4+ Ke7 59. Ne3 Nb5+ 60. Ke5 f6+ 61. Kf4 Nd6 62. Nf1 Ne8 63. Ng3 Ng7 64. Ke4 Ke8 65. Ne2 Ke7 66. Nf4 Kf7 67. g3 Ke7 68. Nd5+ Kf7 69. Nc7 Ke7 70. Kf4 Kf7 71. g4 hxg4 72. Kxg4 Kg8 73. Ne6 1/2-1/2

[Event "LSS CP-2003-F-00001"]
[Site "LSS email"]
[Date "2007.07.01"]
[Round "?"]
[White "Schindler, Sven"]
[Black "Neacsu, Catalin"]
[Result "0-1"]
[WhiteElo "2365"]
[BlackElo "2192"]
[PlyCount "72"]
[EventDate "2007.07.01"]
[EventType "tourn (corr)"]
[EventRounds "14"]
[EventCountry "GER"]
[SourceTitle "Corr 2011"]
[Source "ChessBase"]
[SourceDate "2010.08.31"]
[SourceVersion "1"]
[SourceVersionDate "2010.08.31"]
[SourceQuality "1"]

1. c4 e5 2. Nc3 Nf6 3. g3 Bb4 4. Bg2 0-0 5. Nf3 Nc6 6. 0-0 d6 7. d3 Re8 8. Nd5 Nxd5 9. cxd5 Nd4 10. Nxd4 exd4 11. e4 dxe3 12. fxe3 Bc5 13. d4 Bb6 14. Bd2 Bd7 15. a4 a5 16. Qc2 c6 17. dxc6 bxc6 18. Ra3 Rc8 19. b4 axb4 20. Bxb4 c5 21. dxc5 dxc5 22. Bd2 c4 23. Bd5 Be6 24. Bb7 Rb8 25. Bg2 Qd6 26. Bc1 Bc5 27. Rc3 Rec8 28. Be4 g6 29. Kh1 Bb4 30. Bb2 Bxc3 31. Qxc3 Rxb2 32. Qxb2 c3 33. Qg2 Rd8 34. Qc2 Qe5 35. Bg2 Qxe3 36. Qe4 Qd2 0-1

[Event "IECG CP.2003.S.00001 email"]
[Site "IECG email"]
[Date "2006.04.01"]
[Round "?"]
[White "Neacsu, Catalin"]
[Black "Gazen, Louis"]
[Result "1-0"]
[WhiteElo "2169"]
[BlackElo "2070"]
[PlyCount "49"]
[EventDate "2006.04.01"]
[EventType "tourn (corr)"]
[EventRounds "6"]
[EventCountry "CAN"]
[SourceTitle "Corr 2008"]
[Source "ChessBase"]
[SourceDate "2008.06.24"]
[SourceVersion "1"]
[SourceVersionDate "2008.06.24"]
[SourceQuality "1"]

1. e4 c6 2. d4 d5 3. Nc3 dxe4 4. Nxe4 Nd7 5. Ng5 Ngf6 6. Bd3 e6 7. N1f3 h6 8. Nxe6 Qe7 9. 0-0 fxe6 10. Bg6+ Kd8 11. Bf4 b6 12. Re1 Nd5 13. Bg3 Bb7 14. c4 Nc7 15. d5 cxd5 16. Rc1 Qb4 17. cxd5 Nxd5 18. Nd4 Bc5 19. Nxe6+ Kc8 20. a3 Qb5 21. b4 Qc6 22. bxc5 Nc3 23. Qf3 Qxe6 24. Qxc3 Qxg6 25. cxb6+ 1-0

[Event "IECG CP.2003.S.00001 email"]
[Site "IECG email"]
[Date "2006.04.01"]
[Round "?"]
[White "Neacsu, Catalin"]
[Black "Lindsalu, Indrek"]
[Result "1/2-1/2"]
[WhiteElo "2169"]
[BlackElo "2113"]
[PlyCount "57"]
[EventDate "2006.04.01"]
[EventType "tourn (corr)"]
[EventRounds "6"]
[EventCountry "CAN"]
[SourceTitle "Corr 2008"]
[Source "ChessBase"]
[SourceDate "2008.06.24"]
[SourceVersion "1"]
[SourceVersionDate "2008.06.24"]
[SourceQuality "1"]

1. e4 c5 2. Nf3 d6 3. d4 cxd4 4. Nxd4 Nf6 5. Nc3 a6 6. Bg5 e6 7. f4 Qb6 8. Nb3 Nbd7 9. Qf3 Be7 10. Be2 Qc7 11. 0-0 b5 12. Bxf6 Bxf6 13. e5 Bb7 14. Ne4 dxe5 15. fxe5 Nxe5 16. Nxf6+ gxf6 17. Qxf6 Rg8 18. Rf2 Rg6 19. Qf4 0-0-0 20. Kf1 f5 21. Bh5 Rf6 22. Re1 Nd7 23. Qxc7+ Kxc7 24. Bf3 Bxf3 25. Rxf3 e5 26. Rh3 h6 27. Rc3+ Rc6 28. Ree3 Rc8 29. Na5 1/2-1/2

[Event "IECG WC.2008.S.00010"]
[Site "IECG email"]
[Date "2005.07.17"]
[Round "?"]
[White "Neacsu, Catalin"]
[Black "Chetvertakoff, Valery"]
[Result "1-0"]
[WhiteElo "2158"]
[BlackElo "2228"]
[PlyCount "93"]
[EventDate "2005.07.17"]
[EventType "tourn (corr)"]
[EventRounds "6"]
[SourceTitle "Corr 2008"]
[Source "ChessBase"]
[SourceDate "2008.06.24"]
[SourceVersion "1"]
[SourceVersionDate "2008.06.24"]
[SourceQuality "1"]

1. e4 g6 2. d4 Bg7 3. Nf3 d6 4. Bc4 c6 5. Bb3 Nf6 6. Qe2 0-0 7. 0-0 a5 8. a4 b6 9. Rd1 d5 10. Nbd2 Ba6 11. Qe3 e6 12. h3 c5 13. c3 Qc7 14. e5 Nfd7 15. Nb1 Nc6 16. Na3 Na7 17. Re1 b5 18. axb5 Nxb5 19. Qf4 Rab8 20. Nxb5 Bxb5 21. Qh4 Rfc8 22. Ng5 Nf8 23. Bd1 Bc4 24. Nf3 Bb3 25. Be2 a4 26. Ba6 Re8 27. Bf1 cxd4 28. cxd4 Nd7 29. Bh6 Qd8 30. Qf4 Qe7 31. Bxg7 Kxg7 32. Rec1 Rec8 33. Ba6 Rxc1+ 34. Rxc1 h6 35. Rc7 Qd8 36. Ra7 Bc2 37. Ne1 Bf5 38. Bd3 Rxb2 39. Bxf5 gxf5 40. Qg3+ Kh7 41. Qc3 Rb1 42. Kh2 Kg8 43. Nd3 Nb6 44. Qd2 Kg7 45. Nf4 Qc8 46. Qe3 Rb3 47. Nh5+ 1-0

[Event "IECG CP.2003.Q.00018 email"]
[Site "IECG email"]
[Date "2005.01.15"]
[Round "?"]
[White "Neacsu, Catalin"]
[Black "Geiger, Walter"]
[Result "1-0"]
[WhiteElo "2144"]
[BlackElo "2075"]
[PlyCount "65"]
[EventDate "2005.01.15"]
[EventType "tourn (corr)"]
[EventRounds "6"]
[SourceTitle "Corr 2008"]
[Source "ChessBase"]
[SourceDate "2008.06.24"]
[SourceVersion "1"]
[SourceVersionDate "2008.06.24"]
[SourceQuality "1"]

1. e4 e5 2. Nf3 Nc6 3. d4 exd4 4. Nxd4 Bc5 5. Nb3 Bb6 6. Nc3 d6 7. a4 a6 8. Nd5 Ba7 9. Be3 Bxe3 10. Nxe3 Nf6 11. Bd3 0-0 12. 0-0 Re8 13. f3 Be6 14. c4 Qb8 15. Qd2 Qa7 16. Rf2 Nd7 17. Nd5 Rac8 18. a5 f6 19. f4 Bf7 20. Qc3 Bg6 21. Re1 Bf7 22. Bc2 Kh8 23. Re3 Bg6 24. Kf1 Bf7 25. Rd2 Ne7 26. Nd4 Ng6 27. g3 Ngf8 28. b4 h6 29. Nf5 Be6 30. Ree2 Ng6 31. Qf3 Ngf8 32. Qh5 Qb8 33. Nxh6 1-0

[Event "IECG WC.2008.P.00006 email"]
[Site "IECG email"]
[Date "2004.03.05"]
[Round "?"]
[White "Lim, John"]
[Black "Neacsu, Catalin"]
[Result "1/2-1/2"]
[WhiteElo "2100"]
[BlackElo "2139"]
[PlyCount "74"]
[EventDate "2004.03.05"]
[EventType "tourn (corr)"]
[EventRounds "6"]
[SourceTitle "Corr 2008"]
[Source "ChessBase"]
[SourceDate "2008.06.24"]
[SourceVersion "1"]
[SourceVersionDate "2008.06.24"]
[SourceQuality "1"]

1. d4 Nf6 2. c4 c6 3. Nc3 d5 4. Nf3 dxc4 5. a4 Bf5 6. Nh4 Bg4 7. h3 Bd7 8. e3 b5 9. Nf3 a5 10. Be2 e6 11. Ne5 Bd6 12. axb5 cxb5 13. b3 cxb3 14. Nxb5 Bb4+ 15. Bd2 Bxd2+ 16. Qxd2 0-0 17. Nc3 a4 18. 0-0 Nd5 19. Bf3 Be8 20. Bxd5 exd5 21. Rfb1 Nc6 22. Nd3 Na5 23. Nxa4 Nc4 24. Qb4 Rxa4 25. Rxa4 Bxa4 26. Qxa4 b2 27. Qa2 Qa8 28. Rxb2 Nxb2 29. Qxb2 Rb8 30. Qc2 Qb7 31. Kh2 h6 32. Nf4 Rd8 33. g4 Qe7 34. Kg2 g6 35. Qb3 Kg7 36. Qb6 Rd7 37. Qb5 Rd6 1/2-1/2

[Event "IECG WC.2008.P.00006 email"]
[Site "IECG email"]
[Date "2004.03.05"]
[Round "?"]
[White "Neacsu, Catalin"]
[Black "Adamczyk, Wieslaw"]
[Result "1-0"]
[WhiteElo "2139"]
[BlackElo "1939"]
[PlyCount "67"]
[EventDate "2004.03.05"]
[EventType "tourn (corr)"]
[EventRounds "6"]
[SourceTitle "Corr 2008"]
[Source "ChessBase"]
[SourceDate "2008.06.24"]
[SourceVersion "1"]
[SourceVersionDate "2008.06.24"]
[SourceQuality "1"]

1. e4 e5 2. Nf3 Nc6 3. d4 exd4 4. Nxd4 Nf6 5. Nxc6 bxc6 6. e5 Qe7 7. Qe2 Nd5 8. c4 Nb6 9. Nc3 Qe6 10. Bd2 Bc5 11. f4 0-0 12. 0-0-0 Ba6 13. b3 Ba3+ 14. Kc2 Rfe8 15. Qh5 Rab8 16. Bd3 g6 17. Qg5 Bxc4 18. Bxc4 Nxc4 19. f5 Qxe5 20. Rhe1 Qd4 21. Rxe8+ Rxe8 22. bxc4 Qxc4 23. Qf4 Qxf4 24. Bxf4 d6 25. Rb1 Bc5 26. Rb7 Bb6 27. f6 h5 28. Kd3 Rc8 29. Ne2 d5 30. Nd4 c5 31. Nc6 c4+ 32. Kc3 Kh7 33. Nxa7 Ra8 34. Nb5 1-0

[Event "IECG QA.2004.0.00048"]
[Site "IECG email"]
[Date "2004.02.26"]
[Round "?"]
[White "Neacsu, Catalin"]
[Black "Kleinsorgen, Horst M"]
[Result "1/2-1/2"]
[WhiteElo "2139"]
[BlackElo "2084"]
[PlyCount "52"]
[EventDate "2004.02.26"]
[EventType "tourn (corr)"]
[EventRounds "6"]
[SourceTitle "Corr 2008"]
[Source "ChessBase"]
[SourceDate "2008.06.24"]
[SourceVersion "1"]
[SourceVersionDate "2008.06.24"]
[SourceQuality "1"]

1. e4 e5 2. Nf3 Nf6 3. Nxe5 d6 4. Nf3 Nxe4 5. d4 d5 6. Bd3 Be7 7. 0-0 Nc6 8. Nbd2 Nxd2 9. Bxd2 Bg4 10. c3 0-0 11. Re1 Bd6 12. h3 Bh5 13. Qe2 h6 14. Bc2 Re8 15. Qxe8+ Qxe8 16. Rxe8+ Rxe8 17. g4 Bg6 18. Bxg6 fxg6 19. Re1 Rxe1+ 20. Nxe1 g5 21. Nd3 Nd8 22. f4 gxf4 23. Bxf4 Nf7 24. a4 Kf8 25. Kf2 Ke7 26. b3 g5 1/2-1/2